| 000 | 00832cam a2200241 a 4500 | ||
|---|---|---|---|
| 001 | 000002779 | ||
| 003 | OSt | ||
| 005 | 20201002031103.0 | ||
| 008 | 060918s2003 cu 001 0 spa | ||
| 020 | _a9592710066 | ||
| 040 |
_aDO-SdBNP _bspa _cBNPHU |
||
| 082 |
_a928.7291 _bH542A |
||
| 100 | 1 |
_aArias, Salvador, _d1935- _98761 |
|
| 245 | 1 | 0 |
_aAire y fuego en la raíz : _bJosé María Heredia / _cSalvador Arias; edición de Imeldo Álvarez García. |
| 260 |
_aLa Habana : _bCentro de Estudios Martianos, _c2003. |
||
| 300 |
_a246 p. ; _c18 cm. |
||
| 504 | _aBibliografía p: 243-245 | ||
| 600 | 1 | 4 |
_aHEREDIA, JOSÉ MARÍA, _d1803-1839 _xCRÍTICA _xINTERPRETACIÓN _98762 |
| 600 | 1 | 4 |
_aHEREDIA, JOSÉ MARÍA, _d1803-1839 _xBIOGRAFÍA _98763 |
| 700 | 1 |
_aÁlvarez García, Imeldo, _eed. _95962 |
|
| 910 | _aEn proceso | ||
| 942 |
_2ddc _cLF1 |
||
| 999 |
_c2613 _d2613 |
||